000 01268nam a22002297a 4500
999 _c10133
_d10133
003 AR-CdUCM
008 190329b ||||| |||| 00| 0 spa d
040 _aMUNICIPALIDAD PROVINCIAL DEL CUSCO
_cBIBLIOTECA MUNICIPAL DEL CUSCO
082 _a343 /
_bB65 / 1880
100 _aBluntschli, J. G.
_926806
245 _aDerecho Publico Universal /
260 _aMadrid :
_bF. Gongora y compañia,
_c1880.
300 _a3 tomos ;
_c22 cm.
505 _aContenido: t.1: Ciencia del estado -- métodos científicos -- ciencia general y ciencia particular del estado -- noción del estado -- estado en la naturaleza -- t.2: de la administración del estado -- la administración económica -- de los municipios-- derechos de libertad -- t.2. p.1: naturaleza y fuentes del derecho publico -- órganos de la legislación y la ley -- el jefe supremo del estado -- el gobierno propiamente dicho -- la justicia. t.3. La política -- Naturaleza y carácter de la política -- Idea política moderna -- La naturaleza humana como base de la política -- Los medios del estado ...
650 _aDerecho
_9739
650 _aJuridico
_911346
650 _aUniversal
_918236
650 _aLeyes
_94808
700 _aGarcía Moreno, A.
_926807
942 _2ddc
_cLIBROS
945 _apjha